[Event "DEM U14 2015"]
[Site "Willingen GER"]
[Date "2015.05.24"]
[Round "1"]
[White "Rockmann, Jan-Okke"]
[Black "Wolf, Philipp"]
[Result "1-0"]
[Termination "normal"]
[Board "23"]
[WhiteElo "1833"]
[BlackElo "1573"]
[PlyCount "65"]
[WhiteFideId "12942111"]
[BlackFideId "12958948"]
[EventCountry "GER"]
[EventRounds "9"]
[EventType "swiss"]
[EventDate "2015.05.23"]

1. e4 e5 2. Nf3 Nc6 3. Bb5 Bc5 4. c3 Qf6 5. d3 h6 6. Be3 Bd6 7. Nbd2 b6 8. Nc4
Nge7 9. Nxd6+ Qxd6 10. Qe2 Bb7 11. O-O O-O-O 12. d4 Rdg8 13. Rfd1 Qf6 14. Ba6
g5 15. dxe5 Nxe5 16. Bxb7+ Kxb7 17. Nxe5 Qxe5 18. Bd4 Qe6 19. Bxh8 Rxh8 20. b4
Qe5 21. Qc4 d5 22. exd5 Rd8 23. Re1 Qd6 24. Qe4 Rd7 25. Rad1 b5 26. a4 a6 27.
axb5 axb5 28. Qe2 Kb6 29. Qa2 c6 30. Qa5+ Kb7 31. Ra1 Rd8 32. Rxe7+ Qxe7 33.
Qa7+ 1-0

[Event "DEM U14 2015"]
[Site "Willingen GER"]
[Date "2015.05.24"]
[Round "2"]
[White "Roseneck, Jonas"]
[Black "Martin, Julian"]
[Result "0-1"]
[Termination "normal"]
[Board "1"]
[WhiteElo "1975"]
[BlackElo "2281"]
[WhiteClock "00:04:07"]
[BlackClock "00:33:49"]
[PlyCount "98"]
[WhiteFideId "12939870"]
[BlackFideId "12941000"]
[EventCountry "GER"]
[EventRounds "9"]
[EventType "swiss"]
[EventDate "2015.05.23"]

1. e4 c5 2. Nf3 d6 3. d4 cxd4 4. Nxd4 Nf6 5. Nc3 a6 6. f3 e5 7. Nb3 Be6 8. Be3
Be7 9. Qd2 O-O 10. O-O-O a5 11. Bb5 Na6 12. g4 Qb8 13. g5 Nh5 14. Rhg1 Nc7 15.
a4 Rc8 16. Kb1 g6 17. Nc1 Nxb5 18. Nxb5 Rc6 19. Ne2 Ng7 20. Nec3 Qe8 21. Qf2
Rac8 22. Qe1 Ra6 23. Rg2 Qd8 24. h4 Rcc6 25. f4 Qe8 26. Nd5 Bxd5 27. exd5 Rc4
28. b3 Re4 29. fxe5 Bd8 30. Qc3 Nf5 31. Bd4 Nxd4 32. Rxd4 Rxe5 33. h5 Qd7 34.
hxg6 fxg6 35. Qd2 Ra8 36. Rh4 Be7 37. Nc3 Rf8 38. Ne4 Bd8 39. Rgh2 Rf7 40. Rh1
b6 41. Qg2 Be7 42. Kb2 Qf5 43. Qh2 h5 44. Nf6+ Bxf6 45. gxf6 Qxf6 46. Kb1 Rf5
47. Rc4 Kh7 48. Rc6 Qd4 49. Qe2 Qxd5 0-1

[Event "DEM U14 2015"]
[Site "Willingen GER"]
[Date "2015.05.24"]
[Round "2"]
[White "Schmidek, Emil"]
[Black "Holinka, Henning"]
[Result "1/2-1/2"]
[Termination "normal"]
[Board "2"]
[WhiteElo "2163"]
[BlackElo "1872"]
[WhiteClock "00:00:44"]
[BlackClock "00:03:06"]
[PlyCount "153"]
[WhiteFideId "12908150"]
[BlackFideId "12967084"]
[EventCountry "GER"]
[EventRounds "9"]
[EventType "swiss"]
[EventDate "2015.05.23"]

1. e4 c5 2. Nf3 d6 3. d4 cxd4 4. Nxd4 Nf6 5. Nc3 a6 6. Bg5 Nbd7 7. Bc4 Qb6 8.
Bb3 e6 9. O-O Be7 10. Be3 Nc5 11. f4 Qc7 12. f5 e5 13. Nf3 Nxb3 14. axb3 b5 15.
Bg5 Bb7 16. Bxf6 Bxf6 17. b4 O-O 18. Qd3 Rfc8 19. Rfd1 Be7 20. Nd2 Qb6+ 21. Kh1
Qd4 22. Nb3 Qxb4 23. Nd5 Bxd5 24. Qxd5 Ra7 25. c3 Qc4 26. Na5 Qc5 27. Rd2 Qb6
28. g3 Rc5 29. Qd3 Ra8 30. Nb3 Rc7 31. Qd5 Rd8 32. Rad1 a5 33. Ra1 a4 34. Nc1
Rc5 35. Qd3 d5 36. Qe3 d4 37. cxd4 exd4 38. Qd3 Qc6 39. Ne2 Bf6 40. Rf1 Re5 41.
Rf4 Qc4 42. Qxc4 bxc4 43. Rxd4 Rxd4 44. Nxd4 Rc5 45. e5 Bxe5 46. Re4 g6 47. g4
Bxd4 48. Rxd4 gxf5 49. gxf5 Kg7 50. Kg2 Kf6 51. Kf3 Kxf5 52. Rh4 Ke6 53. Ke3
Rb5 54. Rxc4 Rxb2 55. Rxa4 Rxh2 56. Ra5 Rh4 57. Kf3 Kf6 58. Kg3 Rb4 59. Kf3 Kg6
60. Kg3 f6 61. Rc5 Re4 62. Kf3 Rd4 63. Kg3 h5 64. Ra5 Rg4+ 65. Kf3 Rb4 66. Kg3
h4+ 67. Kh3 f5 68. Ra8 Kg5 69. Rg8+ Kf4 70. Rg1 Ke3 71. Rf1 Rf4 72. Ra1 Re4 73.
Rf1 f4 74. Kxh4 Ke2 75. Ra1 Kf2 76. Kh3 f3 77. Rb1 1/2-1/2

[Event "DEM U14 2015"]
[Site "Willingen GER"]
[Date "2015.05.24"]
[Round "2"]
[White "Baltic, Fatih"]
[Black "Fieberg, Samuel"]
[Result "0-1"]
[Termination "normal"]
[Board "3"]
[WhiteElo "1887"]
[BlackElo "2168"]
[WhiteClock "00:08:22"]
[BlackClock "00:15:43"]
[PlyCount "62"]
[WhiteFideId "12979090"]
[BlackFideId "12901717"]
[EventCountry "GER"]
[EventRounds "9"]
[EventType "swiss"]
[EventDate "2015.05.23"]

1. e4 c5 2. Nf3 d6 3. d4 cxd4 4. Nxd4 Nf6 5. Nc3 a6 6. Be3 e5 7. Nb3 Be6 8. f3
h5 9. Qd2 Nbd7 10. O-O-O Qc7 11. Kb1 Rc8 12. Bd3 b5 13. Qf2 Be7 14. h3 h4 15.
f4 Bc4 16. Rhe1 b4 17. Nd5 Nxd5 18. exd5 Bxd3 19. Rxd3 a5 20. fxe5 Nxe5 21. Bb6
Qd7 22. Rdd1 a4 23. Nd4 O-O 24. Nf5 Bf6 25. Nh6+ Kh8 26. Qf5 Qb5 27. Bd4 Qc4
28. Bxe5 Bxe5 29. Ng4 b3 30. cxb3 axb3 31. Nxe5 Qc2+ 0-1

[Event "DEM U14 2015"]
[Site "Willingen GER"]
[Date "2015.05.24"]
[Round "2"]
[White "Rieß, Alexander"]
[Black "Wierzbicki, Jirawat"]
[Result "1-0"]
[Termination "normal"]
[Board "4"]
[WhiteElo "2150"]
[BlackElo "1972"]
[WhiteClock "00:34:48"]
[BlackClock "00:13:54"]
[PlyCount "69"]
[WhiteFideId "12953326"]
[BlackFideId "1153579"]
[EventCountry "GER"]
[EventRounds "9"]
[EventType "swiss"]
[EventDate "2015.05.23"]

1. d4 d5 2. c4 dxc4 3. Nf3 Nf6 4. e3 Bg4 5. Bxc4 e6 6. Qb3 Bxf3 7. gxf3 Nbd7 8.
Nc3 Nb6 9. Be2 Be7 10. O-O Qd7 11. Rd1 O-O 12. e4 c6 13. a4 Rad8 14. Be3 Qc7
15. Rac1 Qb8 16. a5 Nbd7 17. Kh1 e5 18. dxe5 Nxe5 19. f4 Rxd1+ 20. Rxd1 Neg4
21. e5 Nxe3 22. fxe3 Nd5 23. Nxd5 cxd5 24. Rxd5 Qc7 25. Rb5 Qc1+ 26. Kg2 Bc5
27. Qc4 Qxc4 28. Bxc4 b6 29. Kf3 Rd8 30. b4 a6 31. axb6 axb5 32. bxc5 bxc4 33.
c6 c3 34. c7 Re8 35. b7 1-0

[Event "DEM U14 2015"]
[Site "Willingen GER"]
[Date "2015.05.24"]
[Round "2"]
[White "Renger, Niklas"]
[Black "Wong, Gengchun"]
[Result "0-1"]
[Termination "normal"]
[Board "5"]
[WhiteElo "1942"]
[BlackElo "2015"]
[WhiteClock "00:00:58"]
[BlackClock "00:57:08"]
[PlyCount "68"]
[WhiteFideId "12908096"]
[BlackFideId "12963283"]
[EventCountry "GER"]
[EventRounds "9"]
[EventType "swiss"]
[EventDate "2015.05.23"]

1. e4 c5 2. Nf3 d6 3. d4 cxd4 4. Nxd4 Nf6 5. Nc3 a6 6. Be3 e6 7. f3 b5 8. Qd2
Nbd7 9. g4 Nb6 10. a4 Nc4 11. Bxc4 bxc4 12. a5 Bb7 13. Na4 d5 14. Nb6 dxe4 15.
Nxa8 Bxa8 16. g5 Nd5 17. Bf2 exf3 18. O-O Bd6 19. Bg3 Bxg3 20. hxg3 O-O 21.
Nxf3 Qb8 22. Kf2 Rd8 23. Rfd1 e5 24. c3 e4 25. Qc2 exf3 26. Rd4 Re8 27. Re1
Rxe1 28. Kxe1 Qxg3+ 29. Qf2 Qe5+ 30. Kd1 Qxg5 31. Rxc4 Bb7 32. Qa7 Ne3+ 33. Ke1
Qg1+ 34. Kd2 Nxc4+ 0-1

[Event "DEM U14 2015"]
[Site "Willingen GER"]
[Date "2015.05.24"]
[Round "2"]
[White "Degenhard, Simon"]
[Black "Zienert, Richard"]
[Result "0-1"]
[Termination "normal"]
[Board "6"]
[WhiteElo "1851"]
[BlackElo "2085"]
[WhiteClock "00:10:03"]
[BlackClock "00:05:34"]
[PlyCount "112"]
[WhiteFideId "12944017"]
[BlackFideId "12945986"]
[EventCountry "GER"]
[EventRounds "9"]
[EventType "swiss"]
[EventDate "2015.05.23"]

1. e4 c6 2. d4 d5 3. exd5 cxd5 4. c4 Nf6 5. Nc3 Nc6 6. Bg5 Be6 7. c5 g6 8. Bb5
Bg7 9. Nge2 Ne4 10. Be3 O-O 11. O-O Nxc3 12. bxc3 Bf5 13. Ng3 Bd7 14. Re1 e5
15. Qd2 exd4 16. cxd4 Re8 17. Bg5 Bf6 18. Bxf6 Qxf6 19. Bxc6 bxc6 20. Rxe8+
Rxe8 21. Rb1 h5 22. Rb7 Bc8 23. Rxa7 h4 24. Nf1 h3 25. Ra3 hxg2 26. Kxg2 Bg4
27. Re3 Re4 28. h3 Bf5 29. Rd3 Rh4 30. Rb3 Kg7 31. f4 Qe6 32. Qe3 Bxh3+ 33. Kg1
Bxf1 34. Qxe6 fxe6 35. Kxf1 Rxf4+ 36. Ke2 Rxd4 37. Rb6 Ra4 38. Rxc6 Rxa2+ 39.
Ke3 Kf6 40. Rb6 Ke5 41. c6 Rc2 42. Kd3 Rc5 43. Ra6 g5 44. Ke3 g4 45. Kf2 d4 46.
Kg3 Kd5 47. Kxg4 Rxc6 48. Ra5+ Rc5 49. Ra6 e5 50. Kf3 e4+ 51. Ke2 Rc2+ 52. Kd1
Rh2 53. Ra5+ Kc4 54. Ra4+ Kc3 55. Ra3+ Kb4 56. Ra8 e3 0-1

[Event "DEM U14 2015"]
[Site "Willingen GER"]
[Date "2015.05.24"]
[Round "2"]
[White "Weller, Uli"]
[Black "Stein, Robert"]
[Result "1/2-1/2"]
[Termination "normal"]
[Board "7"]
[WhiteElo "1786"]
[BlackElo "2010"]
[WhiteClock "00:54:39"]
[BlackClock "00:07:56"]
[PlyCount "51"]
[WhiteFideId "12971782"]
[BlackFideId "12921084"]
[EventCountry "GER"]
[EventRounds "9"]
[EventType "swiss"]
[EventDate "2015.05.23"]

1. e4 e5 2. Nf3 Nc6 3. d4 exd4 4. Bc4 Bc5 5. c3 d3 6. Qxd3 d6 7. O-O Nf6 8. Bg5
O-O 9. b4 Bb6 10. a4 a6 11. Nbd2 Qe7 12. Rfe1 Be6 13. Nf1 Bxc4 14. Qxc4 Qe6 15.
Qe2 Rae8 16. Ng3 Ng4 17. Be3 Nxe3 18. fxe3 Ne5 19. Nd4 Qg4 20. Rad1 Qxe2 21.
Rxe2 Ng4 22. Rf1 Nf6 23. Rxf6 gxf6 24. Nh5 Bxd4 25. exd4 Rc8 26. Re3 1/2-1/2

[Event "DEM U14 2015"]
[Site "Willingen GER"]
[Date "2015.05.24"]
[Round "2"]
[White "Hofmann, Rares"]
[Black "Rockmann, Jan-Okke"]
[Result "1/2-1/2"]
[Termination "normal"]
[Board "8"]
[WhiteElo "2003"]
[BlackElo "1833"]
[WhiteClock "00:07:28"]
[BlackClock "01:15:23"]
[PlyCount "68"]
[WhiteFideId "12976440"]
[BlackFideId "12942111"]
[EventCountry "GER"]
[EventRounds "9"]
[EventType "swiss"]
[EventDate "2015.05.23"]

1. e4 e5 2. Nf3 Nc6 3. d4 exd4 4. Nxd4 Bb4+ 5. c3 Bc5 6. Be3 Bb6 7. Qg4 Qf6 8.
Qg3 a6 9. Nf5 Bxe3 10. Nxe3 Qe5 11. f4 Qxe4 12. Nd2 Qg6 13. Qf3 Nge7 14. f5 Qh6
15. Ng4 Qg5 16. f6 Ne5 17. Nxe5 Qxe5+ 18. Be2 Qxf6 19. Qxf6 gxf6 20. O-O f5 21.
Bd3 O-O 22. Bxf5 Nxf5 23. Rxf5 d6 24. Rg5+ Kh8 25. Rf1 Be6 26. Rf4 Rg8 27. Rh5
Rg4 28. Rf2 Rag8 29. h3 R4g5 30. Rh4 Bd5 31. Ne4 Bxe4 32. Rxe4 f5 33. Re7 R8g7
34. Re8+ Rg8 1/2-1/2

[Event "DEM U14 2015"]
[Site "Willingen GER"]
[Date "2015.05.24"]
[Round "2"]
[White "Ewert, Hannes"]
[Black "Toptschiev, David"]
[Result "1/2-1/2"]
[Termination "normal"]
[Board "9"]
[WhiteElo "1930"]
[BlackElo "1873"]
[WhiteClock "00:48:36"]
[BlackClock "00:44:54"]
[PlyCount "53"]
[WhiteFideId "12961574"]
[BlackFideId "12968005"]
[EventCountry "GER"]
[EventRounds "9"]
[EventType "swiss"]
[EventDate "2015.05.23"]

1. e4 c5 2. Nf3 Nc6 3. d4 cxd4 4. Nxd4 g6 5. Nc3 Bg7 6. Be3 Nf6 7. Bc4 d6 8. f3
O-O 9. Qd2 Bd7 10. O-O-O Rc8 11. Bb3 a6 12. g4 Na5 13. Kb1 b5 14. Bh6 Nc4 15.
Bxc4 bxc4 16. Bxg7 Kxg7 17. Nde2 Kg8 18. e5 Ne8 19. h4 Rb8 20. Ka1 Qb6 21. Rb1
Bc6 22. exd6 Nxd6 23. Nd4 Nb5 24. Nxc6 Qxc6 25. Nd5 Qd6 26. Rhe1 e5 27. Rbd1
1/2-1/2

[Event "DEM U14 2015"]
[Site "Willingen GER"]
[Date "2015.05.24"]
[Round "2"]
[White "Engel, Luis"]
[Black "Wiesner, Alexander"]
[Result "1-0"]
[Termination "normal"]
[Board "10"]
[WhiteElo "2212"]
[BlackElo "1854"]
[WhiteClock "01:26:20"]
[BlackClock "00:57:58"]
[PlyCount "49"]
[WhiteFideId "12961523"]
[BlackFideId "12943991"]
[EventCountry "GER"]
[EventRounds "9"]
[EventType "swiss"]
[EventDate "2015.05.23"]

1. e4 c5 2. Nf3 Nc6 3. Bb5 g6 4. Bxc6 dxc6 5. d3 Bg7 6. h3 Nf6 7. O-O Nd7 8.
Re1 e5 9. a3 Qe7 10. Nbd2 Nf8 11. Nc4 f6 12. Bd2 Ne6 13. b4 cxb4 14. axb4 Nd4
15. Nxd4 exd4 16. Nb6 Rb8 17. Bf4 axb6 18. Bxb8 O-O 19. Qd2 Be6 20. Bg3 Qd7 21.
Qf4 f5 22. Qd6 Qxd6 23. Bxd6 Rf7 24. exf5 Bxf5 25. Ra8+ 1-0

[Event "DEM U14 2015"]
[Site "Willingen GER"]
[Date "2015.05.24"]
[Round "2"]
[White "Schirra, Maurice"]
[Black "Buckels, Valentin"]
[Result "0-1"]
[Termination "normal"]
[Board "11"]
[WhiteElo "1791"]
[BlackElo "2178"]
[PlyCount "136"]
[WhiteFideId "12941115"]
[BlackFideId "12942766"]
[EventCountry "GER"]
[EventRounds "9"]
[EventType "swiss"]
[EventDate "2015.05.23"]

1. e4 e5 2. Nf3 Nc6 3. d4 exd4 4. Nxd4 Nf6 5. Nc3 Bb4 6. Nxc6 bxc6 7. Bd3 d6 8.
O-O Ng4 9. h3 Ne5 10. f4 Nxd3 11. cxd3 Qf6 12. Ne2 Bc5+ 13. d4 Bb6 14. Be3 O-O
15. Nc3 Re8 16. Qd2 d5 17. e5 Qg6 18. Kh2 Rb8 19. Na4 Qe4 20. Nc3 Qf5 21. Na4
Ba6 22. Rfd1 Bb5 23. Nc3 Ba5 24. Rac1 Qe6 25. Qc2 g6 26. Na4 Bb4 27. Nc5 Qe7
28. a3 Bxc5 29. Qxc5 Bc4 30. Qxe7 Rxe7 31. b4 Ree8 32. Rb1 Rb6 33. Bd2 Reb8 34.
Bc3 Ra6 35. Ra1 Kf8 36. Rdb1 Ra4 37. Kg3 Ke7 38. Kf3 Bd3 39. Rb2 Rb6 40. Ke3
Be4 41. g4 Kd7 42. Rf2 Rb8 43. Rfa2 Rh8 44. h4 h5 45. g5 Rb8 46. Rc1 Rb6 47.
Bd2 Rba6 48. Rca1 Ke6 49. Be1 Kf5 50. Bc3 Kg4 51. Be1 Rb6 52. Rc1 Kf5 53. Bc3
Ke6 54. Bd2 Kd7 55. Be1 Kc8 56. Bd2 Kb7 57. Be1 Rba6 58. Rca1 Kb6 59. Kd2 Kb5
60. Kc3 Bf5 61. Bd2 Be6 62. Bc1 c5 63. bxc5 Rc4+ 64. Kd3 Bf5+ 65. Ke2 Rxd4 66.
Be3 Rc4 67. Rd2 Kc6 68. Bd4 Rca4 0-1

[Event "DEM U14 2015"]
[Site "Willingen GER"]
[Date "2015.05.24"]
[Round "2"]
[White "Langjahr, Marius"]
[Black "Poghosyan, Tigran"]
[Result "1-0"]
[Termination "normal"]
[Board "12"]
[WhiteElo "1812"]
[BlackElo "2136"]
[PlyCount "99"]
[WhiteFideId "12974625"]
[BlackFideId "12909319"]
[EventCountry "GER"]
[EventRounds "9"]
[EventType "swiss"]
[EventDate "2015.05.23"]

1. d4 Nf6 2. c4 g6 3. Nc3 d5 4. Nf3 Bg7 5. e3 c5 6. dxc5 Qa5 7. cxd5 Nxd5 8.
Qxd5 Bxc3+ 9. Bd2 Bxd2+ 10. Qxd2 Qc7 11. Qc3 O-O 12. Be2 Bg4 13. O-O Rc8 14. h3
Bd7 15. Rfc1 Nc6 16. Nd4 a6 17. Bf3 Nd8 18. b4 e5 19. Nb3 Ne6 20. Rc2 Ng5 21.
Bd5 Bf5 22. Rcc1 Qe7 23. Qb2 Rd8 24. Rd1 e4 25. Na5 Rd7 26. c6 Nf3+ 27. Kf1
Rxd5 28. Rxd5 b6 29. Rxf5 gxf5 30. Nc4 Qe6 31. Nxb6 Rb8 32. gxf3 Rxb6 33. Rc1
Rxc6 34. Rxc6 Qxc6 35. f4 Qc4+ 36. Kg2 Qb5 37. a3 h5 38. Qe5 Qe2 39. Qxf5 Qf3+
40. Kg1 Qd1+ 41. Kh2 Qf3 42. Qc8+ Kg7 43. Qc2 h4 44. a4 Qh5 45. Qxe4 Qe2 46.
Kg2 Qa2 47. b5 axb5 48. axb5 Qe2 49. b6 Qa6 50. b7 1-0

[Event "DEM U14 2015"]
[Site "Willingen GER"]
[Date "2015.05.24"]
[Round "2"]
[White "Reuker, Jari"]
[Black "Vuckovic, Zarko"]
[Result "1/2-1/2"]
[Termination "normal"]
[Board "13"]
[WhiteElo "2057"]
[BlackElo "1790"]
[PlyCount "95"]
[WhiteFideId "12909300"]
[BlackFideId "12952087"]
[EventCountry "GER"]
[EventRounds "9"]
[EventType "swiss"]
[EventDate "2015.05.23"]

1. e4 c5 2. Nf3 Nc6 3. d4 cxd4 4. Nxd4 Nf6 5. Nc3 e6 6. Ndb5 Bb4 7. a3 Bxc3+ 8.
Nxc3 d5 9. Bd3 dxe4 10. Nxe4 Nxe4 11. Bxe4 Qxd1+ 12. Kxd1 e5 13. Re1 f6 14. Bd2
Be6 15. Bc3 O-O 16. f3 Rfd8+ 17. Ke2 Bd5 18. Bd3 a6 19. Kf2 Rd7 20. Rad1 Rad8
21. Rd2 Be6 22. f4 Bf5 23. Bc4+ Kf8 24. Rxd7 Rxd7 25. fxe5 Nxe5 26. Bb3 Nc6 27.
Ke3 Re7+ 28. Kd2 Rxe1 29. Kxe1 Ke7 30. Kd2 Kd6 31. Bg8 Be4 32. g3 h6 33. b4 b5
34. Bb2 Bd5 35. Bh7 Ne5 36. Bxe5+ Kxe5 37. Bd3 f5 38. Kc3 Be4 39. Be2 g5 40. a4
Bc6 41. axb5 axb5 42. Kd2 f4 43. gxf4+ Kxf4 44. c4 bxc4 45. Bxc4 g4 46. Ke2 h5
47. Kf2 h4 48. Bf1 1/2-1/2

[Event "DEM U14 2015"]
[Site "Willingen GER"]
[Date "2015.05.24"]
[Round "2"]
[White "Browning, Alex"]
[Black "Mätzkow, Maximilian Paul"]
[Result "1-0"]
[Termination "normal"]
[Board "14"]
[WhiteElo "1864"]
[BlackElo "2050"]
[PlyCount "67"]
[WhiteFideId "12984019"]
[BlackFideId "24679933"]
[EventCountry "GER"]
[EventRounds "9"]
[EventType "swiss"]
[EventDate "2015.05.23"]

1. e4 c5 2. Nf3 Nf6 3. e5 Nd5 4. Nc3 e6 5. Nxd5 exd5 6. d4 Nc6 7. dxc5 Bxc5 8.
Qxd5 Qb6 9. Bc4 Bxf2+ 10. Ke2 O-O 11. Rf1 Bc5 12. Ng5 Nd4+ 13. Kd1 Ne6 14. Ne4
d6 15. exd6 Rd8 16. Bd3 Bxd6 17. Qf5 Nf4 18. Nf6+ gxf6 19. Qxh7+ Kf8 20. Qh6+
Ke7 21. Bxf4 Qxb2 22. Ke2 Bg4+ 23. Kf2 Bc5+ 24. Be3 Bd6 25. Rab1 Qe5 26. Rxb7+
Rd7 27. Rxd7+ Bxd7 28. Re1 Be6 29. g3 Qb2 30. Qh4 Be5 31. Bc5+ Kd7 32. Qa4+ Kd8
33. Rd1 Kc8 34. Be4 1-0

[Event "DEM U14 2015"]
[Site "Willingen GER"]
[Date "2015.05.24"]
[Round "2"]
[White "Hoffmann, Lennard"]
[Black "Gungl, Theo"]
[Result "1-0"]
[Termination "normal"]
[Board "15"]
[WhiteElo "1815"]
[BlackElo "2085"]
[PlyCount "52"]
[WhiteFideId "12943495"]
[BlackFideId "24695653"]
[EventCountry "GER"]
[EventRounds "9"]
[EventType "swiss"]
[EventDate "2015.05.23"]

1. e4 c5 2. Nf3 d6 3. d4 cxd4 4. Nxd4 Nf6 5. Nc3 a6 6. h3 e6 7. g4 b5 8. Bg2
Bb7 9. a3 Qc7 10. O-O Be7 11. g5 Nfd7 12. Kh1 g6 13. Nce2 Nb6 14. Ng3 N8d7 15.
b3 Rc8 16. Ra2 Nc5 17. f4 d5 18. e5 Ncd7 19. Bb2 Rg8 20. Qg4 Nf8 21. Raa1 Rd8
22. Rae1 Bc8 23. Qe2 Bd7 24. Nf3 Rc8 25. c3 Bc6 26. Nh2 a5 1-0

[Event "DEM U14 2015"]
[Site "Willingen GER"]
[Date "2015.05.24"]
[Round "2"]
[White "Muckle, Julius"]
[Black "Riedel, Erich"]
[Result "1-0"]
[Termination "normal"]
[Board "16"]
[WhiteElo "2129"]
[BlackElo "1783"]
[PlyCount "65"]
[WhiteFideId "12942430"]
[BlackFideId "12958646"]
[EventCountry "GER"]
[EventRounds "9"]
[EventType "swiss"]
[EventDate "2015.05.23"]

1. d4 e6 2. c4 d5 3. Nc3 f5 4. g3 Nf6 5. Bg2 c6 6. Nf3 Bd6 7. O-O O-O 8. b3
Nbd7 9. Bb2 Ne4 10. Nd2 Nxc3 11. Bxc3 b6 12. b4 Bb7 13. Qb3 Kh8 14. b5 Nf6 15.
a4 Ne4 16. Nxe4 fxe4 17. c5 bxc5 18. dxc5 Be7 19. Rab1 Qd7 20. Bd4 h6 21. Rfd1
Qe8 22. e3 Bf6 23. Bxf6 Rxf6 24. Bf1 Qf8 25. Qc2 Rc8 26. Rdc1 Rc7 27. Rb2 Rcf7
28. a5 Rxf2 29. Qxf2 Rxf2 30. Rxf2 Qe8 31. a6 Bc8 32. b6 Bd7 33. Rb1 1-0

[Event "DEM U14 2015"]
[Site "Willingen GER"]
[Date "2015.05.24"]
[Round "2"]
[White "Weber, Samuel"]
[Black "Ortmeier, Leonard"]
[Result "1-0"]
[Termination "normal"]
[Board "17"]
[WhiteElo "1954"]
[BlackElo "1737"]
[PlyCount "43"]
[WhiteFideId "12924008"]
[BlackFideId "12993662"]
[EventCountry "GER"]
[EventRounds "9"]
[EventType "swiss"]
[EventDate "2015.05.23"]

1. e4 c5 2. d4 cxd4 3. c3 e5 4. Nf3 Nc6 5. Bc4 Qc7 6. O-O Nf6 7. Ng5 Nd8 8. Qe2
Bc5 9. Kh1 h6 10. Nf3 Nc6 11. cxd4 Nxd4 12. Nxd4 Bxd4 13. Nc3 a6 14. Nd5 Nxd5
15. Bxd5 d6 16. f4 O-O 17. f5 Kh7 18. Qh5 f6 19. Qg6+ Kh8 20. Bxh6 gxh6 21.
Qxh6+ Qh7 22. Qxf8+ 1-0

[Event "DEM U14 2015"]
[Site "Willingen GER"]
[Date "2015.05.24"]
[Round "2"]
[White "Schäfer, Nicolas"]
[Black "Piskaykin, Bogdan"]
[Result "1-0"]
[Termination "normal"]
[Board "18"]
[WhiteElo "1595"]
[BlackElo "1771"]
[PlyCount "75"]
[WhiteFideId "12988901"]
[BlackFideId "12941212"]
[EventCountry "GER"]
[EventRounds "9"]
[EventType "swiss"]
[EventDate "2015.05.23"]

1. d4 d6 2. c4 e5 3. d5 g6 4. Nc3 Bg7 5. Nf3 a5 6. e3 Na6 7. Be2 Ne7 8. O-O O-O
9. Nd2 f5 10. e4 f4 11. Nf3 h6 12. Bd2 g5 13. Ne1 Bd7 14. Bg4 Be8 15. Bh5 Ng6
16. Nd3 Bf7 17. a3 Nc5 18. Nxc5 dxc5 19. Na4 b6 20. b4 cxb4 21. axb4 Qe8 22.
bxa5 bxa5 23. Nc5 Qe7 24. Nb7 Nh4 25. Bg4 a4 26. Rb1 Rfb8 27. Bb4 Qe8 28. Nc5
h5 29. Bd7 Qe7 30. Bc6 Rxb4 31. d6 cxd6 32. Rxb4 dxc5 33. Rb7 Qd8 34. Rd7 Qf6
35. Rd6 Be6 36. Rxe6 Rd8 37. Bd5 Qf7 38. Rd6 1-0

[Event "DEM U14 2015"]
[Site "Willingen GER"]
[Date "2015.05.24"]
[Round "2"]
[White "Oganessjan, Artur"]
[Black "Viol, Julius"]
[Result "1-0"]
[Termination "normal"]
[Board "19"]
[WhiteElo "1857"]
[BlackElo "1558"]
[PlyCount "65"]
[WhiteFideId "12986062"]
[BlackFideId "12958492"]
[EventCountry "GER"]
[EventRounds "9"]
[EventType "swiss"]
[EventDate "2015.05.23"]

1. e4 e6 2. d4 d5 3. Nc3 dxe4 4. Nxe4 Nd7 5. Nf3 Ngf6 6. Bd3 Nxe4 7. Bxe4 Nf6
8. Bd3 c5 9. c3 cxd4 10. cxd4 Be7 11. O-O O-O 12. Re1 b6 13. Qe2 Bb7 14. Rd1
Nd5 15. Ne5 Nf6 16. Bf4 Qd5 17. Nf3 Nh5 18. Be3 Qd8 19. Ng5 Nf6 20. Nf3 Rc8 21.
Rac1 Qd6 22. Ne5 Qd5 23. f3 Nd7 24. Be4 Qd6 25. Bxb7 Rxc1 26. Rxc1 Nxe5 27.
dxe5 Qxe5 28. f4 Qb8 29. Be4 Rd8 30. Rd1 Rc8 31. g3 h6 32. Bd4 Bd6 33. Qg4 1-0

[Event "DEM U14 2015"]
[Site "Willingen GER"]
[Date "2015.05.24"]
[Round "2"]
[White "Pommerenke, Kayonzo"]
[Black "Acikel, Mert"]
[Result "1-0"]
[Termination "normal"]
[Board "20"]
[WhiteElo "1601"]
[BlackElo "1887"]
[PlyCount "79"]
[WhiteFideId "12968129"]
[BlackFideId "12956465"]
[EventCountry "GER"]
[EventRounds "9"]
[EventType "swiss"]
[EventDate "2015.05.23"]

1. e4 e5 2. Nf3 Nc6 3. Bb5 a6 4. Ba4 Nf6 5. O-O b5 6. Bb3 Be7 7. Re1 d6 8. c3
O-O 9. d4 Bg4 10. d5 Na5 11. Bc2 c6 12. h3 Bc8 13. b4 Nc4 14. dxc6 Qc7 15. a4
Qxc6 16. Nbd2 Bb7 17. Nxc4 Qxc4 18. Qd3 Rfc8 19. Bb2 Qc6 20. Nd2 d5 21. exd5
Qxd5 22. Qxd5 Nxd5 23. Bf5 Rd8 24. axb5 Nf4 25. Nf3 Bxf3 26. gxf3 axb5 27. Rxa8
Rxa8 28. Rxe5 Bd6 29. Re1 g6 30. Bd7 Ra2 31. Bc1 Nd3 32. Rd1 Nxc1 33. Rxc1 Be7
34. Bxb5 Bh4 35. Rf1 Rc2 36. c4 Rb2 37. f4 Rxb4 38. f3 Rb2 39. Bc6 Rc2 40. Bd5
1-0

[Event "DEM U14 2015"]
[Site "Willingen GER"]
[Date "2015.05.24"]
[Round "2"]
[White "Wolf, Philipp"]
[Black "Wendler, David"]
[Result "0-1"]
[Termination "normal"]
[Board "21"]
[WhiteElo "1573"]
[BlackElo "1807"]
[PlyCount "70"]
[WhiteFideId "12958948"]
[BlackFideId "12938360"]
[EventCountry "GER"]
[EventRounds "9"]
[EventType "swiss"]
[EventDate "2015.05.23"]

1. e4 c5 2. Nf3 Nc6 3. d4 cxd4 4. Nxd4 g6 5. c4 Nf6 6. Nc3 d6 7. f3 Nxd4 8.
Qxd4 Bg7 9. Be3 O-O 10. Qd2 Be6 11. g4 Qa5 12. h4 h5 13. gxh5 Nxh5 14. Bd4 Nf6
15. O-O-O Rfc8 16. h5 gxh5 17. Bxf6 Bxf6 18. Rg1+ Kf8 19. Qh6+ Ke8 20. Nd5 Bxd5
21. Rxd5 Qe1+ 22. Rd1 Qh4 23. c5 Rxc5+ 24. Kb1 Rg5 25. Rxg5 Qxg5 26. Qxg5 Bxg5
27. Bb5+ Kf8 28. Rh1 Rc8 29. b3 h4 30. Rg1 Bf4 31. Rg4 Rc1+ 32. Kb2 h3 33. Rxf4
h2 34. Kxc1 h1=Q+ 35. Kb2 Qh2+ 0-1